000
00337 a2200121 4500
001
ART_44138
005
20260410161629.0
008
260409a
245
1
0
_a
El proyecto Nº 39 de resolución técnica
100
1
_a
Díaz, Teresa
700
1
_a
Pozzi, Nélida B.
773
0
_t
Enfoques
_g
- Nº 10 (oct. 2017)
_w
REV416
999
_c
12309
_d
12309